Tratado de derecho penal (Registro nro. 7739)

Detalles MARC
000 -CABECERA
Longitud fija campo de control 00818nam a2200217 a 4500
001 - NÚMERO DE CONTROL
Número de control 3045035
003 - IDENTIFICADOR DELl NÚMERO DE CONTROL
Identificador del número de control OSt
005 - FECHA Y HORA DE LA ÚLTIMA TRANSACCIÓN
Fecha y hora de la última transacción 20140306164405.0
008 - CÓDIGOS DE INFORMACIÓN DE LONGITUD FIJA
Códigos de información de longitud fija 950911m1990 arg spa
020 ## - NÚMERO INTERNACIONAL NORMALIZADO PARA LIBROS
Número Internacional Normalizado para Libros (ISBN) 950-20-0067-6
040 ## - FUENTE DE LA CATALOGACIÓN
Centro catalogador de origen DLC
Centro transcriptor BMC
082 ## - NÚMERO DE LA CLASIFICACIÓN DECIMAL DEWEY
Númeroo de clasificación 345.82
100 1# - PUNTO DE ACCESO PRINCIPAL-NOMBRE DE PERSONA
9 (RLIN) 14971
Nombre de persona Fontán Balestra, Carlos
245 10 - MENCIÓN DE TÍTULO
Título Tratado de derecho penal
Mención de responsabilidad, etc. Carlos Fontán Balestra
260 ## - PUBLICACIÓN, DISTRIBUCIÓN, ETC. (PIE DE IMPRENTA)
Lugar de publicación, distribución, etc. Buenos Aires
Nombre del editor, distribuidor, etc. Abeledo-Perrot
Fecha de publicación, distribución, etc. 1983-1990
300 ## - DESCRIPCIÓN FÍSICA
Extensión 7 v.
Dimensiones 23 cm
505 ## - NOTA DE CONTENIDO CON FORMATO
Nota de contenido con formato Contiene: Tomos I-III: Parte general – 2ª ed. corr. y act., 3ª reimp. – Tomos IV-V: Parte especial – 2ª ed. act. por Guillermo A. C. Ledesma – Tomos VI-VII: Parte especial – 2ª ed., reimp. act. por Guillermo A. C. Ledesma
650 24 - PUNTO DE ACCESO ADICIONAL DE MATERIA - TÉRMINO DE MATERIA
Término de materia o nombre geográfico como elemento inicial Derecho penal
Subdivisión geográfica Argentina
9 (RLIN) 6868
700 1# - PUNTO DE ACCESO ADICIONAL - NOMBRE DE PERSONA
9 (RLIN) 14977
Nombre de persona Ledesma, Guillermo A. C.
942 ## - ENTRADA DE ELEMENTOS AGREGADOS (KOHA)
Fuente de clasificaión o esquema Dewey Decimal Classification
Koha [por defecto] tipo de item 1- Monografias
Existencias
Suprimido Perdido Fuente de clasificación o esquema Estropeado Restricciones de uso No para préstamo Código de colección Localización permanente Localización actual Localización en estanter&íacute;as Fecha adquisición Fuente de adquisición Número de inventario Préstamos totales Signatura completa Código de barras Fecha última consulta Coste, precio reemplazado Fecha del precio de reemplazo Tipo de item de Koha
NULL NULL Dewey Decimal Classification NULL Prestable NULL NULL Biblioteca Miguel de Cervantes - UNICAES Biblioteca Miguel de Cervantes - UNICAES Sala Principal 04/05/2012 Donación - UNICO 012196   345.82 FON tra (v. 1) 1012196 05/03/2014 35.00 05/03/2014 1- Monografias
NULL NULL Dewey Decimal Classification NULL Prestable NULL NULL Biblioteca Miguel de Cervantes - UNICAES Biblioteca Miguel de Cervantes - UNICAES Sala Principal 04/05/2012 Donación - UNICO 012197   345.82 FON tra (v. 2) 1012197 05/03/2014 35.00 05/03/2014 1- Monografias
NULL NULL Dewey Decimal Classification NULL Prestable NULL NULL Biblioteca Miguel de Cervantes - UNICAES Biblioteca Miguel de Cervantes - UNICAES Sala Principal 04/05/2012 Donación - UNICO 012198   345.82 FON tra (v. 3) 1012198 05/03/2014 35.00 05/03/2014 1- Monografias
NULL NULL Dewey Decimal Classification NULL Prestable NULL NULL Biblioteca Miguel de Cervantes - UNICAES Biblioteca Miguel de Cervantes - UNICAES Sala Principal 04/05/2012 Donación - UNICO 012199   345.82 FON tra (v. 4) 1012199 05/03/2014 35.00 05/03/2014 1- Monografias
NULL NULL Dewey Decimal Classification NULL Prestable NULL NULL Biblioteca Miguel de Cervantes - UNICAES Biblioteca Miguel de Cervantes - UNICAES Sala Principal 04/05/2012 Donación - UNICO 012200   345.82 FON tra (v. 5) 1012200 05/03/2014 35.00 05/03/2014 1- Monografias
NULL NULL Dewey Decimal Classification NULL Prestable NULL NULL Biblioteca Miguel de Cervantes - UNICAES Biblioteca Miguel de Cervantes - UNICAES Sala Principal 04/05/2012 Donación - UNICO 012201   345.82 FON tra (v. 6) 1012201 05/03/2014 35.00 05/03/2014 1- Monografias
NULL NULL Dewey Decimal Classification NULL Prestable NULL NULL Biblioteca Miguel de Cervantes - UNICAES Biblioteca Miguel de Cervantes - UNICAES Sala Principal 04/05/2012 Donación - UNICO 012202   345.82 FON tra (v. 7) 1012202 05/03/2014 35.00 05/03/2014 1- Monografias